00527nam a2200205Ia 4500001000600000003000500006008004100011010001100052040000900063082001300072100002200085245006700107260004200174300001100216440000500227500000500232503001100237650003200248650004100280Z_197CHAP220113s1989 xx 000 0 und d a163170 cCHAP a519.9 K4 aKempthorne, Oscar aAn introduction to genetics statistics /cby Oscar Kempthorne aAmes :bIowa State University,c1989 a545 p. a a a150601 aEstadística matemática  aGenéticaxMétodos estadísticos